000 00628nam a2200241 a 4500
001 0001-1324
003 ELIB.Books
008 150806 2010 eng
020 _a0786866020
035 _a(ELIB.Books)0001-1479
092 _a242
_bLun
100 _aLundin, Stephen C.
245 _aFish!
_bA Remarkable Way to Boost Morale and Improve Results
260 _aNew York
_bHyperion Press
_c2000
300 _a110
_c21 Cm
500 _aDr. Min Oo
650 _aDevotional
856 _nKBTS: Library
_uKBTS: Elib
942 _2ddc
_cBK
990 _a1
998 _cbat
_e2015-08-06
999 _c11324
_d11324